000 00659nam a2200265Ia 4500
005 20260302115828.0
008 008 260114s9999 xx 000 0 eng d
020 _a9798400675102
037 _aTextbook
040 _aCRL
040 _beng
040 _cCRL
041 _2eng
041 _aeng
084 _qCRL
100 _aMichael C. LeMay
_9871817
245 4 _aThe Judicial System A Reference Handbook
260 _bABC-CLIO
260 _bBloomsbury
260 _c2022
650 _aLaw
856 _uhttps://doi.org/10.5040/9798400675102?locatt=label:secondary_bloomsburyCollections
942 _cEBOOK
999 _c1687612
_d1687612